| 000 | 00822nam a22002175i 4500 | ||
|---|---|---|---|
| 001 | 102840 | ||
| 003 | ES-MaACL | ||
| 005 | 20230906183210.0 | ||
| 007 | t| | ||
| 008 | 950926s1895 sp ||||1| spa d | ||
| 040 |
_aCAM _bspa _cCAM |
||
| 080 | _a616-002.5-022-084 | ||
| 100 | 1 |
_aEspina y Capo, Antonio, _d1850-1930 _947840 |
|
| 245 | 1 | 0 |
_aProfilaxia individual de la tuberculosis / _ccomunicación leída por Antonio Espina y Capo en el Congreso Internacional de la Tuberculosis reunido en Coimbra, marzo 1895. |
| 260 |
_aMadrid : _b[s.n.], _c1895 ( _fImpr. y Librería de Nicolás Moya) |
||
| 300 |
_a22 p. ; _c18 cm. |
||
| 650 | 4 |
_aTuberculosis- _xPrevención. _9139265 |
|
| 711 | 2 |
_aCongreso Nacional de la Tuberculosis ( _d1895. _cCoimbra) _9540 |
|
| 852 |
_aES-MaACL _jT-764-F-7 |
||
| 999 |
_c102840 _d102840 |
||